000 00870nam a2200241 a 4500
001 000016970
003 DO-SdBNP
005 20240501190320.0
008 100312s1984 dr a 000 0 spa d
040 _aDO-SdBNP
_bspa
_cBNPHU
049 _aBNPD
082 _a624.15136
_bP418c
100 1 _aPenson, Enríque
_9188
245 1 0 _aCátedras de mecánica de suelos I /
_cEnrique Penson Paulus ; sustentado por los bachilleros Migdalia Medina González, Augusto Cassanovas Rodríguez.
260 _aSanto Domingo :
_bUNPHU,
_c1984.
300 _a319 p. :
_bil. ;
_c22 cm.
500 _aTrabajo de grado en opción al título de ingeniero civil
650 4 _aMecánica de suelos
_920502
700 1 _aMedina González, Migdalia
_937503
700 1 _aCassanovas Rodríguez
_937504
710 2 _aUniversidad Nacional Pedro Henríquez Ureña
_983980
942 _2ddc
_cLBS1
999 _c16501
_d16501